|
|
|
|
| LEADER |
00000nam0a2200000 4500 |
| 001 |
104553 |
| 005 |
20231031114047.0 |
| 035 |
|
|
|a (RuTPU)RU\TPU\book\112738
|
| 090 |
|
|
|a 104553
|
| 100 |
|
|
|a 20061102d2006 m y0rusy50 ca
|
| 101 |
0 |
|
|a rus
|
| 102 |
|
|
|a RU
|
| 105 |
|
|
|a y j 001zy
|
| 200 |
1 |
|
|a Научно-исследовательская работа
|e учебно-методическое пособие
|f Р. А. Мигуренко
|g Томский политехнический университет (ТПУ), Институт дистанционного образования (ИДО)
|
| 210 |
|
|
|a Томск
|c Изд-во ТПУ
|d 2006
|
| 215 |
|
|
|a 184 с.
|
| 320 |
|
|
|a Библиогр.: с. 169-170
|
| 330 |
|
|
|a Учебно-методическое пособие содержит материал, дающий представление о принципах и специфике научно- исследовательской деятельности, сведения об основных направлениях и методах исследования в социальной работе, содержании и формах учебно-исследовательских работ, требованиях по их оформлению. В пособии имеются методические рекомендации по работе над различными формами исследовательских произведений. Словарь, разработанный в помощь начинающему исследователю, может быть использован для уточнения и получения дополнительной информации по проблемам научно-исследовательской деятельности. Пособие подготовлено на кафедре философии гуманитарного факультета ТПУ, соответствует программе учебной дисциплины, предназначено для студентов специальности 040101 «Социальная работа» Института дистанционного образования.
|
| 610 |
1 |
|
|a наука
|
| 610 |
1 |
|
|a научно-исследовательские работы
|
| 610 |
1 |
|
|a социальная работа
|
| 610 |
1 |
|
|a методы
|
| 610 |
1 |
|
|a исследовательские работы
|
| 610 |
1 |
|
|a оформление
|
| 610 |
1 |
|
|a учебные исследования
|
| 610 |
1 |
|
|a библиографический аппарат
|
| 610 |
1 |
|
|a рефераты
|
| 610 |
1 |
|
|a курсовые работы
|
| 610 |
1 |
|
|a выпускные квалификационные работы
|
| 610 |
1 |
|
|a научные статьи
|
| 610 |
1 |
|
|a учебные пособия
|
| 686 |
|
|
|a Ч215.7я73
|v LBC/SL-A
|2 rubbk
|
| 686 |
|
|
|a У9(2)272я73
|v LBC/SL-A
|2 rubbk
|
| 700 |
|
1 |
|a Мигуренко
|b Р. А.
|c российский философ
|c доцент Томского политехнического университета, кандидат философских наук
|f 1947-
|g Раиса Афанасьевна
|2 stltpush
|3 (RuTPU)RU\TPU\pers\24690
|
| 712 |
0 |
2 |
|a Томский политехнический университет (ТПУ)
|b Институт дистанционного образования (ИДО)
|2 stltpush
|3 (RuTPU)RU\TPU\col\12625
|
| 801 |
|
1 |
|a RU
|b 63413507
|c 20061102
|g PSBO
|
| 801 |
|
2 |
|a RU
|b 63413507
|c 20201126
|g PSBO
|
| 942 |
|
|
|c BK
|